La prueba pericial

Detalles Bibliográficos
Otros Autores: Abel Lluch, Xavier (Conductor), Arbos i Llobet, Ramn̤ (coaut.), Ginš Castellet, Nr︢ia (Conductor), Pic ̤i Junoy, Joan (Conductor)
Formato: Desconocido
Lenguaje:español
Publicado: Barcelona : Bosch, 2009
Colección:Coleccin̤ de Formacin̤ continua Facultad de Derecho ESADE. Estudios prc̀ticos sobre los medios de prueba
Materias:
Acceso en línea:Acceso restringido

MARC

LEADER 00000ny a22000003n 4500
005 20110616111238.0
008 090707s2009 sp 000 0 spa d
017 |a D.L.NA.1103-09 
020 |a 9788476988404 
035 |a 3346 
040 |a NoBUC-USA.SABUS  |d vLex 
080 |a 343.148(460) 
080 |a 347.948(460) 
090 |c 754  |d 754 
245 0 3 |a La prueba pericial  |h [Recurso electrn̤ico]  |c Xavier Abel Lluch, Joan Pic ̤i Junoy (directores) ; Nr︢ia Ginš Castellet (coordinadora) ; Ramn̤ Arbos i Llobet ... [et al.] 
256 |a Servicio en ln̕ea 
260 |a Barcelona :  |b Bosch,  |c 2009 
300 |a 581 p. ;  |c 21 cm 
500 |a En la port.: ESADE, Facultad de Derecho, Universidad Ramon Llull, Instituto de Probt̀ica y Derecho Probatorio 
506 1 |a Contenido solo disponible en los productos indicados  |d vLex Global  |d vLex Global (Academic Edition, excluding Law Schools)  |d vLex Global (U.S. Academic Edition, Law Schools)  |d vLex Global (U.S. Academic Edition, excluding Law Schools)  |d vLex Global (Academic Edition, Law Schools) 
650 0 7 |a Prueba pericial  |2 Tesauro vLex 
700 1 |a Abel Lluch, Xavier,  |e dir. 
700 1 |a Arbos i Llobet, Ramn̤,  |e coaut. 
700 1 |a Ginš Castellet, Nr︢ia,  |e dir. 
700 1 |a Pic ̤i Junoy, Joan,  |e dir. 
740 0 |a vLex Libros (Servicios en ln̕ea) 
830 0 |a Coleccin̤ de Formacin̤ continua  |p Facultad de Derecho ESADE.  |p Estudios prc̀ticos sobre los medios de prueba 
856 4 0 |u http://vlex.com/source/3346  |z Acceso restringido 
942 |c BOOK 
999 0 |a Evidence, Expert  |b Barcelona